000 01177nam a2200229Ia 4500
003 Ost
005 20260507075120.0
008 260507s9999||||xx |||||||||||||| ||und||
020 _a9128368977
040 _cfsecg
041 _aara
082 _a330
100 _aاسماعيل، سعيد السيد علي
_eمؤلف
245 0 _aمبادئ الإحصاء الوصفي والتطبيقي /
_c سعيد السيد علي اسماعيل
260 _aالإسكندرية:
_bمؤسسة حورس الدولية,
_c2006
300 _a363 صفحة؛
_bإيضاحات ؛
_c25 سم
520 _aالتعريف بالإحصاء والرموز الإحصائية- دور الإحصاء في البحث- عرض وتنظيم وتلخيص وترتيب البيانات- المقاييس الوصفية- نظريات الإحتمال- المنحنى الطبيعي- توزيع T-لإختبار المعنوية- تحليل التباين- معامل الإرتباط- توزيع مربع كاي
653 _aالإحصاء - المعاملات الإرتباطية
653 _aالإحصاء التطبيقي
653 _aالإحصاء الوصفي
942 _cكتاب
999 _c43070
_d43070